[Event "XXV OOM - Mistrzostwa Polski Juniorow Mlodszych - Chlopcy do lat 14"]
[Site "Sielpia"]
[Date "1899-12-30"]
[Round "4.17"]
[White "Babiarz, Arkadiusz"]
[Black "Matela, Krzysztof"]
[Result "1-0"]
[WhiteTitle "I++"]
[BlackTitle "I"]
[WhiteElo "1839"]
[BlackElo "1540"]

1. e4 d5 2. exd5 Nf6 3. Nf3 Nxd5 4. d4 Bf5 5. a3 e6 6. c4 Nb6 7. Nc3 Be7 8. Be2
O-O 9. O-O N8d7 10. Be3 c5 11. Qd2 cxd4 12. Nxd4 Qc8 13. Nxf5 exf5 14. Rac1 Ne5
15. Bxb6 axb6 16. Nd5 Qc5 17. b4 Qd6 18. Qe3 Bf6 19. Rfd1 Qc6 20. c5 b5 21. Nxf6+
Qxf6 22. Rd6 Qe7 23. Rcd1 Rfe8 24. Bxb5 Rec8 25. Re1 Rc7 26. Qxe5 1-0

[Event "XXV OOM - Mistrzostwa Polski Juniorow Mlodszych - Chlopcy do lat 14"]
[Site "Sielpia"]
[Date "1899-12-30"]
[Round "4.18"]
[White "Wieczorek, Mikolaj"]
[Black "Sieczkowski, Adam"]
[Result "1-0"]
[WhiteTitle "I"]
[BlackTitle "I+"]
[WhiteElo "1752"]
[BlackElo "1638"]

1. e4 c5 2. Nf3 g6 3. d4 cxd4 4. Nxd4 Bg7 5. Nc3 Nc6 6. Be3 d6 7. Qd2 Nf6 8. f3
O-O 9. Bc4 Qa5 10. O-O-O Bd7 11. Kb1 Ne5 12. Bb3 Rfc8 13. g4 Nc4 14. Bxc4 Rxc4
15. h4 Rac8 16. Nb3 Qa6 17. h5 Bxg4 18. fxg4 Rxc3 19. hxg6 hxg6 20. Bh6 Rxc2 21.
Qd4 Qe2 22. Bxg7 Kxg7 23. g5 e5 24. gxf6+ Kg8 25. Qxa7 Qxe4 26. Ka1 Qf3 27. Rhf1
Qg2 28. Rg1 Qc6 29. Qe3 d5 30. Qxe5 Ra8 31. Qe7 Rh2 32. Rxg6+ Kh7 33. Qxf7+ Kh8
34. Qg7# 1-0

[Event "XXV OOM - Mistrzostwa Polski Juniorow Mlodszych - Chlopcy do lat 14"]
[Site "Sielpia"]
[Date "1899-12-30"]
[Round "4.19"]
[White "Wnek, Filip"]
[Black "Goszyk, Bartosz"]
[Result "0-1"]
[WhiteTitle "I+"]
[BlackTitle "II"]
[WhiteElo "1733"]
[BlackElo "1554"]

1. e4 c5 2. Nf3 d6 3. d4 cxd4 4. Nxd4 Nf6 5. Nc3 g6 6. Be3 Bg7 7. f3 Nc6 8. Qd2
O-O 9. Bc4 Bd7 10. O-O-O Rb8 11. Kb1 Na5 12. Be2 a6 13. g4 b5 14. h4 Nc4 15. Bxc4
bxc4 16. Nd5 Nxd5 17. exd5 Qb6 18. c3 Qa5 19. Ka1 Rfc8 20. Rhe1 Ba4 21. Rc1 Qxd5
22. Nf5 Qxd2 23. Nxe7+ Kf8 24. Bxd2 Rc5 25. Bf4 Be5 26. Bh6+ Kxe7 27. f4 Bd7 28.
fxe5 Rxe5 29. Bg7 Re6 30. Kb1 Rb5 31. Kc2 h5 32. g5 Rf5 33. Bf6+ Ke8 34. Rf1 Re2+
35. Kb1 Rb5 36. Rc2 Bf5 37. Rxf5 Re1+ 38. Rc1 Rxc1+ 39. Kxc1 Rxf5 40. Bd4 Rf4
41. b3 cxb3 42. axb3 Rxh4 43. b4 Rxd4 44. cxd4 h4 45. Kd2 h3 46. Ke2 h2 47. Kf2
h1=Q 48. Kg3 Qf1 49. d5 f6 50. gxf6 Qxf6 51. Kg4 Qf5+ 52. Kg3 Kf7 53. Kh4 Kf6
54. Kg3 Kg5 55. Kg2 Kg4 56. Kh1 Kg3 57. Kg1 Qb1# 0-1

[Event "XXV OOM - Mistrzostwa Polski Juniorow Mlodszych - Chlopcy do lat 14"]
[Site "Sielpia"]
[Date "1899-12-30"]
[Round "4.20"]
[White "Madajczak, Piotr"]
[Black "Bancarewicz, Aleks"]
[Result "1/2-1/2"]
[WhiteTitle "I"]
[BlackTitle "I"]
[WhiteElo "1549"]
[BlackElo "1701"]

1. c4 e5 2. Nc3 Nf6 3. g3 d5 4. cxd5 Nxd5 5. Bg2 Nb6 6. Nf3 Nc6 7. O-O Be7 8. d3
O-O 9. Be3 Bg4 10. h3 Bh5 11. g4 Bg6 12. d4 Nc4 13. d5 Nb4 14. Qb3 Nxe3 15. fxe3
Nc2 16. Nxe5 Nxa1 17. Rxa1 Bd6 18. Nc4 Bg3 19. Nd2 Kh8 20. e4 h5 21. Nf1 Be5 22.
e3 hxg4 23. hxg4 Qh4 24. Qd1 f5 25. exf5 Bxf5 26. gxf5 Rxf5 27. Qe1 Rxf1+ 28.
Kxf1 Bg3 29. Qd1 Rf8+ 30. Ke2 Rf2+ 31. Kd3 Rxg2 32. Qf3 1/2-1/2

[Event "XXV OOM - Mistrzostwa Polski Juniorow Mlodszych - Chlopcy do lat 14"]
[Site "Sielpia"]
[Date "1899-12-30"]
[Round "4.21"]
[White "Lokaj, Bartlomiej"]
[Black "Dziendziel, Mateusz"]
[Result "0-1"]
[WhiteTitle "II"]
[BlackTitle "II+"]
[WhiteElo "1537"]
[BlackElo "1684"]

1. e4 c5 2. Nf3 d6 3. c3 Nc6 4. Bc4 Nf6 5. Qe2 a6 6. a4 Bg4 7. h3 Bxf3 8. Qxf3
Ne5 9. Qe2 Nxc4 10. Qxc4 e6 11. O-O Be7 12. d3 O-O 13. Bg5 Qc7 14. Nd2 Rad8 15.
Bxf6 Bxf6 16. d4 Qb6 17. Qb3 Qxb3 18. Nxb3 cxd4 19. cxd4 Rc8 20. Rac1 b6 21. f4
Rfd8 22. Rfd1 g6 23. e5 Be7 24. Rxc8 Rxc8 25. Rc1 Rxc1+ 26. Nxc1 d5 27. Kf2 Kf8
28. Ke3 Ke8 29. Ne2 Kd7 30. g4 h6 31. Kd3 Kc6 32. Kc3 b5 33. Kb3 Bh4 34. axb5+
Kxb5 35. Nc3+ Kc6 36. Kc2 Kb6 37. b4 Be1 38. Kd3 0-1

[Event "XXV OOM - Mistrzostwa Polski Juniorow Mlodszych - Chlopcy do lat 14"]
[Site "Sielpia"]
[Date "1899-12-30"]
[Round "4.22"]
[White "Kaliszuk, Kamil"]
[Black "Kossowski, Pawel"]
[Result "1-0"]
[WhiteTitle "I"]
[BlackTitle "II+"]
[WhiteElo "1674"]
[BlackElo "1589"]

1. d4 d5 2. c4 e6 3. Nc3 Be7 4. Qc2 Nf6 5. cxd5 exd5 6. Bg5 c6 7. e3 O-O 8. Bd3
h6 9. Bh4 Be6 10. Nge2 Nbd7 11. O-O c5 12. Rad1 c4 13. Bf5 Re8 14. Bxe6 fxe6 15.
f3 a6 16. h3 b5 17. a3 b4 18. axb4 Bxb4 19. e4 Qb6 20. Kh1 Bxc3 21. Nxc3 Reb8
22. e5 Ne8 23. Rd2 Nc7 24. Be7 Nb5 25. Nxb5 axb5 26. f4 b4 27. Bd6 Rb7 28. f5
b3 29. Qb1 exf5 30. Qxf5 c3 31. Rd3 cxb2 32. Rg3 Nc5 33. dxc5 Qa6 34. Rgf3 Qa1
35. Qb1 Qxb1 36. Rxb1 Ra1 37. Rff1 Rba7 38. Kh2 1-0

[Event "XXV OOM - Mistrzostwa Polski Juniorow Mlodszych - Chlopcy do lat 14"]
[Site "Sielpia"]
[Date "1899-12-30"]
[Round "4.23"]
[White "Wysocki, Mateusz"]
[Black "Wojtasik, Szymon"]
[Result "1-0"]
[WhiteTitle "I"]
[BlackTitle "II"]
[WhiteElo "1697"]
[BlackElo "1379"]

1. e4 c5 2. d4 cxd4 3. c3 g6 4. cxd4 d5 5. e5 Nc6 6. Nf3 Bg4 7. Be2 Qb6 8. Nbd2
Nh6 9. O-O Nf5 10. Nb3 Rd8 11. Be3 Nxe3 12. fxe3 Bh6 13. Qd2 Qb4 14. Kf2 Bxf3
15. Qxb4 Nxb4 16. Bb5+ Kf8 17. Kxf3 Nc2 18. Rac1 Nxe3 19. Rfe1 a6 20. Bd3 Nc4
21. Rc2 b5 22. Nc5 Ra8 23. b3 Na3 24. Rf2 e6 25. Ke2 Ke7 26. Ref1 Rhf8 27. g4
a5 28. h4 b4 29. g5 Bg7 30. Nb7 Rab8 31. Nd6 Kd8 32. Rxf7 Rg8 33. h5 h6 34. Bxg6
Nb5 35. Nxb5 Rxb5 36. Bh7 Rh8 37. Rxg7 hxg5 38. Rg8+ Rxg8 39. Bxg8 a4 40. h6 axb3
41. axb3 Ra5 42. h7 Ra2+ 43. Kd3 Rh2 44. Bxe6 Rxh7 45. Bxd5 Rh3+ 46. Kc4 Rh4 47.
Kc5 Rf4 48. Rxf4 gxf4 49. Kd6 Kc8 50. e6 f3 51. Bxf3 Kd8 52. e7+ Ke8 53. Bh5#
1-0

[Event "XXV OOM - Mistrzostwa Polski Juniorow Mlodszych - Chlopcy do lat 14"]
[Site "Sielpia"]
[Date "1899-12-30"]
[Round "4.24"]
[White "Szlosarczyk, Hubert"]
[Black "Mocko, Maciej"]
[Result "0-1"]
[WhiteTitle "II+"]
[BlackTitle "II"]
[WhiteElo "1620"]
[BlackElo "1430"]

1. d4 f5 2. c4 Nf6 3. Nc3 g6 4. Nf3 Bg7 5. Bf4 d6 6. h4 Nh5 7. Qd2 O-O 8. Bh6 Qe8
9. Bxg7 Kxg7 10. O-O-O e5 11. dxe5 dxe5 12. Nb5 Na6 13. Qc3 Nf6 14. Qxe5 Qxe5
15. Nxe5 Ne4 16. Nd3 Be6 17. b3 Rad8 18. Rg1 c6 19. Na3 Rd7 20. g3 Rfd8 21. Kb2
Nxf2 22. Nxf2 Rxd1 23. Nxd1 Rxd1 24. Nc2 Nc5 25. a4 Ne4 26. Ne3 Rd2+ 27. Kc1 b5
28. axb5 cxb5 29. g4 bxc4 30. Nxc4 Bxc4 31. bxc4 f4 32. c5 Rd5 33. Bg2 Rxc5+ 34.
Kb2 Ng3 35. Bf3 Re5 36. Ra1 a5 37. Kc3 Nxe2+ 38. Bxe2 Rxe2 39. Rxa5 f3 40. Ra4
Rh2 41. Kd3 Rxh4 42. Ke3 Rh3 43. Rf4 Kh6 44. Kf2 Kg5 45. Rd4 h5 46. gxh5 Kxh5
47. Rf4 g5 48. Rxf3 Rxf3+ 49. Kxf3 Kh4 50. Kf2 Kh3 51. Kg1 Kg3 52. Kh1 g4 53.
Kg1 Kf3 54. Kf1 g3 55. Kg1 g2 0-1

[Event "XXV OOM - Mistrzostwa Polski Juniorow Mlodszych - Chlopcy do lat 14"]
[Site "Sielpia"]
[Date "1899-12-30"]
[Round "4.25"]
[White "Szafranski, Maciej"]
[Black "Blazniak, Bartlomiej"]
[Result "1/2-1/2"]
[WhiteTitle "II+"]
[BlackTitle "I"]
[WhiteElo "1503"]
[BlackElo "1518"]

1. e4 c5 2. Nf3 Nc6 3. d4 cxd4 4. Nxd4 Nf6 5. Nc3 e5 6. Ndb5 Bb4 7. a3 Bxc3+ 8.
Nxc3 h6 9. Qd6 Qe7 10. Qxe7+ Nxe7 11. Bc4 O-O 12. Be3 b6 13. f3 Rd8 14. O-O-O
Bb7 15. Rd6 Ne8 16. Rd2 Rac8 17. Bb3 Bc6 18. Rf1 Nf6 19. Kb1 Kf8 20. Rfd1 Ne8
21. g4 Nc7 22. Bf2 Ne6 23. h4 Ng6 24. Ka1 Ngf4 25. Kb1 Ng6 26. Ka1 Ngf4 27. Kb1
Ng6 28. Ka1 1/2-1/2

[Event "XXV OOM - Mistrzostwa Polski Juniorow Mlodszych - Chlopcy do lat 14"]
[Site "Sielpia"]
[Date "1899-12-30"]
[Round "4.26"]
[White "Dembicki, Karol"]
[Black "Skrzypczynski, Kacper"]
[Result "0-1"]
[WhiteTitle "II"]
[BlackTitle "II"]
[WhiteElo "1316"]
[BlackElo "1291"]

1. e4 c5 2. Nf3 Nc6 3. d4 cxd4 4. Nxd4 e6 5. Nc3 a6 6. Be3 Bb4 7. Be2 Nf6 8. f3
Qc7 9. O-O Nxd4 10. Qxd4 Bxc3 11. bxc3 O-O 12. Bg5 e5 13. Qe3 Qc6 14. c4 h6 15.
Bh4 Nh5 16. Rab1 Nf4 17. Bd3 Re8 18. Rb6 Qc7 19. c5 Re6 20. Rfb1 Rc6 21. Be7 Ng6
22. Bd6 Qd8 23. Bc4 Rxb6 24. Rxb6 Qe8 25. g3 Kh7 26. f4 f6 27. f5 Ne7 28. g4 Nc6
29. Qg3 Nd4 30. g5 fxg5 31. Bxe5 Qxe5 32. Qg4 Qxc5 33. h4 Qxb6 34. hxg5 Nf3+ 35.
Kg2 Qg1+ 36. Kxf3 Qxg4+ 37. Kxg4 hxg5 38. Kxg5 b5 39. Bf7 Bb7 40. e5 Rc8 41. f6
Be4 42. fxg7 Kxg7 0-1

[Event "XXV OOM - Mistrzostwa Polski Juniorow Mlodszych - Chlopcy do lat 14"]
[Site "Sielpia"]
[Date "1899-12-30"]
[Round "5.1"]
[White "Iwaszkiewicz, Krzysztof"]
[Black "Chyzy, Jakub"]
[Result "1/2-1/2"]
[WhiteTitle "I"]
[BlackTitle "k"]
[WhiteElo "1651"]
[BlackElo "2140"]

1. d4 Nf6 2. Bf4 d5 3. e3 c5 4. c3 Nc6 5. Nf3 e6 6. Nbd2 Bd6 7. Bg3 O-O 8. Bb5
Ne7 9. Bd3 b6 10. O-O Bb7 11. Qe2 Bxg3 12. hxg3 Ne4 13. Bxe4 dxe4 14. Ng5 h6 15.
Nh3 Ng6 16. Nf4 Nxf4 17. gxf4 a5 18. dxc5 bxc5 19. Rfd1 Qc7 20. Qc4 Bd5 21. Qa4
c4 22. Qc2 f5 23. b3 Rfc8 24. bxc4 Bxc4 25. Nxc4 Qxc4 26. Rd7 Rd8 27. Rad1 Rxd7
28. Rxd7 Rc8 29. Ra7 Rc5 30. Qd1 Qxc3 31. Qd8+ Kh7 32. Rf7 Qd3 33. Rxg7+ Kxg7
34. Qe7+ 1/2-1/2

[Event "XXV OOM - Mistrzostwa Polski Juniorow Mlodszych - Chlopcy do lat 14"]
[Site "Sielpia"]
[Date "1899-12-30"]
[Round "5.2"]
[White "Kacprzak, Karol"]
[Black "Luczak, Filip"]
[Result "0-1"]
[WhiteTitle "I+"]
[BlackTitle "CM"]
[WhiteElo "1910"]
[BlackElo "2071"]

1. e4 c5 2. Nf3 e6 3. d4 cxd4 4. Nxd4 Nf6 5. Nc3 Nc6 6. a3 Qc7 7. Be3 a6 8. f4
Nxd4 9. Bxd4 Qxf4 10. g3 Qc7 11. e5 Nd5 12. Ne4 b5 13. Bd3 Bb7 14. O-O Be7 15.
Qg4 h5 16. Qe2 f5 17. exf6 Nxf6 18. Nxf6+ Bxf6 19. Bxf6 gxf6 20. Be4 Qb6+ 21.
Rf2 O-O-O 22. Bxb7+ Kxb7 23. Qf3+ Ka7 24. c3 f5 25. a4 h4 26. axb5 Qxb5 27. Qe3+
Qb6 28. Qxb6+ Kxb6 29. Rf4 hxg3 30. Rb4+ Ka7 31. hxg3 Rb8 32. Rd4 d5 33. Rda4
Rb6 34. R1a2 Rhb8 35. b4 Kb7 36. Kf2 Rc8 37. R4a3 Rc4 38. Ke3 Rbc6 39. Kd3 Rg4
40. Rg2 f4 41. Ke2 e5 42. Kf3 Rcg6 43. Ra5 Rxg3+ 44. Rxg3 Rxg3+ 45. Kf2 Rxc3 46.
Rxd5 Re3 47. b5 a5 48. Rd6 a4 49. Ra6 a3 50. Re6 Rb3 51. Rxe5 a2 52. Re7+ Kb6
53. Re6+ Kxb5 54. Re5+ Kb4 55. Re4+ Ka3 56. Rxf4 a1=Q 0-1

[Event "XXV OOM - Mistrzostwa Polski Juniorow Mlodszych - Chlopcy do lat 14"]
[Site "Sielpia"]
[Date "1899-12-30"]
[Round "5.3"]
[White "Dzida, Kamil"]
[Black "Czernek, Tymon"]
[Result "1/2-1/2"]
[WhiteTitle "I++"]
[BlackTitle "I++"]
[WhiteElo "1877"]
[BlackElo "2050"]

1. e4 c5 2. Nc3 a6 3. d4 cxd4 4. Qxd4 Nc6 5. Qd2 Nf6 6. b3 e6 7. a3 d5 8. exd5
exd5 9. Bb2 Bc5 10. O-O-O Be6 11. Nf3 h6 12. Bd3 b5 13. Ne2 Qb6 14. Ned4 Nxd4
15. Nxd4 O-O 16. Rhe1 Rac8 17. Kb1 b4 18. a4 Ne4 19. Bxe4 dxe4 20. Rxe4 Rfd8 21.
Qe2 Qd6 22. Re1 Bxd4 23. Rxd4 Qxh2 24. Rxd8+ Rxd8 25. g3 Qh3 26. Qxa6 Qf5 27.
Qb5 Qxb5 28. axb5 Rb8 29. Re5 Bd7 30. Bc1 Bxb5 31. Bd2 Bd7 32. Re4 Bf5 33. Rc4
Be6 34. Rd4 Bf5 35. Bxb4 Rc8 36. Rd2 Rb8 37. Rd4 Rc8 38. Rc4 Rxc4 39. bxc4 g5
40. Kc1 Kg7 41. c5 Be4 42. Kd2 h5 43. Ke3 Bxc2 44. c6 Bf5 45. c7 Kg6 46. Be1 h4
47. f3 h3 48. g4 Bc8 49. Ke4 1/2-1/2

[Event "XXV OOM - Mistrzostwa Polski Juniorow Mlodszych - Chlopcy do lat 14"]
[Site "Sielpia"]
[Date "1899-12-30"]
[Round "5.4"]
[White "Luberanski, Jakub"]
[Black "Pazdzierz, Piotr"]
[Result "1-0"]
[WhiteTitle "I+"]
[BlackTitle "I"]
[WhiteElo "2023"]
[BlackElo "1639"]

1. e4 e6 2. d4 d5 3. Nc3 Nf6 4. e5 Nfd7 5. f4 c5 6. Nf3 Nc6 7. Be3 Be7 8. Qd2 O-O
9. Be2 a6 10. O-O b5 11. a3 Qb6 12. Nd1 Bb7 13. c3 Rac8 14. Bd3 cxd4 15. cxd4
Na5 16. Qf2 Nc4 17. f5 Nxe3 18. Nxe3 Rfe8 19. Qg3 Kh8 20. fxe6 fxe6 21. Qh3 h6
22. Qh5 Nf8 23. Ng4 Bc6 24. Qf7 Rc7 25. Qh5 Rd8 26. Nf6 gxf6 27. exf6 Bd6 28.
f7 Bf4 29. Kh1 Qb7 30. Qh4 Rdd7 31. Qxf4 Rxf7 32. Qxh6+ Kg8 33. Ne5 Rg7 34. Rxf8+
Kxf8 35. Qh8+ Ke7 36. Qxg7+ Kd6 37. Qf8+ Re7 38. Nf7+ Kd7 39. Qd8# 1-0

[Event "XXV OOM - Mistrzostwa Polski Juniorow Mlodszych - Chlopcy do lat 14"]
[Site "Sielpia"]
[Date "1899-12-30"]
[Round "5.5"]
[White "Jedraszek, Pawel"]
[Black "Turski, Bartlomiej"]
[Result "0-1"]
[WhiteTitle "I"]
[BlackTitle "I"]
[WhiteElo "1753"]
[BlackElo "1982"]

1. e4 c5 2. Nf3 d6 3. d4 cxd4 4. Nxd4 Nf6 5. Nc3 Nc6 6. Bg5 e6 7. Qd3 a6 8. Rd1
Qa5 9. Bd2 Qc7 10. Bg5 Be7 11. Be2 O-O 12. O-O Rd8 13. Qg3 Kh8 14. Nb3 b5 15.
a3 Bb7 16. f4 b4 17. axb4 Nxb4 18. e5 dxe5 19. fxe5 Rxd1 20. Bxd1 Ng8 21. Kh1
Bxg5 22. Qxg5 Nh6 23. Nd2 Nf5 24. Qf4 Nc6 25. Nc4 Nce7 26. Bh5 g5 27. Qg4 Ng6
28. Bxg6 fxg6 29. b3 Rf8 30. Qe2 Kg7 31. Rd1 Rd8 32. Rxd8 Qxd8 33. Qd3 Qf8 34.
Nd6 Nxd6 35. exd6 Qf2 36. Qe2 Bxg2# 0-1

[Event "XXV OOM - Mistrzostwa Polski Juniorow Mlodszych - Chlopcy do lat 14"]
[Site "Sielpia"]
[Date "1899-12-30"]
[Round "5.6"]
[White "Poltorak, Sebastian"]
[Black "Wojdak, Jan"]
[Result "1-0"]
[WhiteTitle "I+"]
[BlackTitle "I"]
[WhiteElo "1962"]
[BlackElo "1834"]

1. d4 d5 2. c4 e6 3. Nc3 c6 4. Nf3 dxc4 5. a4 Bb4 6. Ne5 b5 7. e3 Bb7 8. Qg4 Qf6
9. e4 h6 10. h4 g6 11. Bf4 Qe7 12. Be3 Nf6 13. Qf4 a6 14. Ng4 Nxg4 15. Qxg4 Nd7
16. Be2 Nf6 17. Qf4 Ba5 18. axb5 Bxc3+ 19. bxc3 cxb5 20. f3 Rc8 21. g4 Nd7 22.
Kf2 Qf6 23. Qg3 Qe7 24. Bf4 e5 25. dxe5 Nc5 26. Kg2 Rd8 27. Rad1 Nd3 28. Bxd3
cxd3 29. Rd2 Qe6 30. Rhd1 Qc4 31. Qe1 h5 32. Bg5 Rd7 33. Bf6 Rg8 34. g5 a5 35.
Qe3 Bc8 36. Rxd3 Qe6 37. Rxd7 Bxd7 38. Qa7 Qh3+ 39. Kf2 Qxh4+ 40. Ke3 Kf8 41.
Qb8+ Be8 42. Qd6# 1-0

[Event "XXV OOM - Mistrzostwa Polski Juniorow Mlodszych - Chlopcy do lat 14"]
[Site "Sielpia"]
[Date "1899-12-30"]
[Round "5.7"]
[White "Ciszewski, Krzysztof"]
[Black "Kacprzak, Kacper"]
[Result "0-1"]
[WhiteTitle "II+"]
[BlackTitle "I"]
[WhiteElo "1612"]
[BlackElo "1841"]

1. d4 Nf6 2. c4 e5 3. dxe5 Ng4 4. Bf4 g5 5. Bg3 Bg7 6. Nf3 Nc6 7. e3 Ngxe5 8. Nxe5
Nxe5 9. Nc3 d6 10. Be2 Be6 11. Rc1 O-O 12. b3 f5 13. f3 Kh8 14. O-O f4 15. Bf2
Qd7 16. e4 Rf6 17. c5 g4 18. cxd6 gxf3 19. Bxf3 Nxf3+ 20. Qxf3 Bg4 21. Qd3 Rxd6
22. Qb5 c6 23. Qc5 Rd3 24. b4 Rg8 25. Kh1 Bf6 26. e5 Be7 27. Qc4 Bf3 28. Rg1 Qh3
0-1

[Event "XXV OOM - Mistrzostwa Polski Juniorow Mlodszych - Chlopcy do lat 14"]
[Site "Sielpia"]
[Date "1899-12-30"]
[Round "5.8"]
[White "Karolczuk, Iwo"]
[Black "Stachecki, Mikolaj"]
[Result "1-0"]
[WhiteTitle "I++"]
[BlackTitle "II+"]
[WhiteElo "2055"]
[BlackElo "1587"]

1. d4 Nf6 2. Nf3 g6 3. c3 Bg7 4. Bf4 O-O 5. e3 d6 6. h3 Nbd7 7. Be2 c5 8. O-O b6
9. a4 a6 10. Nbd2 Bb7 11. Re1 Qc7 12. Qc2 Bc6 13. e4 e5 14. Bh2 Rfc8 15. Bf1 Ne8
16. dxe5 dxe5 17. Qb3 h6 18. Rad1 Rcb8 19. Bc4 Nd6 20. Bd5 b5 21. Nf1 c4 22. Qa3
Bf8 23. Qa1 Bg7 24. Qc1 Bxd5 25. Rxd5 Nb6 26. Rdd1 f6 27. Qd2 Rd8 28. axb5 axb5
29. Qe2 Ra2 30. Rd2 Rda8 31. Red1 Bf8 32. Nh4 Kh7 33. Qg4 g5 34. Nf5 Ra1 35. Nxd6
Rxd1 36. Qxd1 Bxd6 37. Rxd6 Ra1 38. Qxa1 Qxd6 39. Bg3 Na4 40. f3 Qd3 41. Qc1 Qe2
42. Qd2 Qxd2 43. Nxd2 Nxb2 44. Nb1 Na4 45. Be1 Kg6 46. g4 h5 47. Na3 hxg4 48.
hxg4 b4 49. cxb4 c3 50. Kf2 Nb2 51. Ke2 Nc4 52. Nxc4 c2 53. Kd2 c1=Q+ 54. Kxc1
1-0

[Event "XXV OOM - Mistrzostwa Polski Juniorow Mlodszych - Chlopcy do lat 14"]
[Site "Sielpia"]
[Date "1899-12-30"]
[Round "5.9"]
[White "Zdybel, Przemyslaw"]
[Black "Ochedzan, Tymon"]
[Result "0-1"]
[WhiteTitle "I"]
[BlackTitle "CM"]
[WhiteElo "1698"]
[BlackElo "2090"]

1. e4 c5 2. Nf3 d6 3. d4 cxd4 4. Nxd4 Nf6 5. Nc3 a6 6. Be3 e5 7. Nb3 Be6 8. f3
h5 9. Qd2 Nbd7 10. O-O-O Rc8 11. Nd5 Bxd5 12. exd5 Be7 13. Kb1 Nb6 14. Bxb6 Qxb6
15. Bd3 g6 16. c4 Bf8 17. g4 Bg7 18. Qe2 hxg4 19. fxg4 Qc7 20. Nd2 Qd7 21. Ne4
Nxe4 22. Qxe4 Rh4 23. h3 Ke7 24. Rdf1 Rf8 25. Qe1 Rh7 26. Qe3 Ke8 27. g5 Rfh8
28. Rf3 Rh4 29. Be4 Bf8 30. Rg3 Be7 31. Qd3 R4h5 32. b3 Kd8 33. Qe3 Ke8 34. Qd3
Bd8 35. Rf1 Be7 36. Rh1 R8h7 37. Kc2 Kd8 38. Qe3 Kc7 39. a3 Kb8 40. Bf3 Rxh3 41.
Bg4 Rh2+ 42. Kc3 Qd8 43. Rxh2 Rxh2 44. Qf3 Qa5+ 0-1

[Event "XXV OOM - Mistrzostwa Polski Juniorow Mlodszych - Chlopcy do lat 14"]
[Site "Sielpia"]
[Date "1899-12-30"]
[Round "5.10"]
[White "Grzesik, Gracjan"]
[Black "Pisarek, Jan"]
[Result "1-0"]
[WhiteTitle "I"]
[BlackTitle "I"]
[WhiteElo "1904"]
[BlackElo "1610"]

1. c4 e5 2. Nc3 Nf6 3. g3 c6 4. d4 exd4 5. Qxd4 d5 6. cxd5 cxd5 7. Bg5 Nc6 8. Qa4
d4 9. Rd1 Be7 10. Nf3 Qb6 11. Nxd4 Qxb2 12. Ndb5 Bb4 13. Nc7+ Kf8 14. Nxa8 Bxc3+
15. Bd2 Nb4 16. Bg2 Nc2+ 17. Kf1 Bxd2 18. Qb3 Qxb3 19. axb3 Ba5 20. Rc1 Ke7 21.
Rxc2 Be6 22. Nc7 Rd8 23. Rc1 Bxb3 24. Bf3 a6 25. Rb1 Bxc7 26. Rxb3 b5 27. Kg2
Rd6 28. Ra1 Rb6 29. Rba3 b4 30. Rxa6 Nd7 31. Ra7 Be5 32. Rd1 Rd6 33. Rb1 Rb6 34.
Bg4 Rd6 35. Rxd7+ Rxd7 36. Bxd7 Kxd7 37. Rxb4 Ke7 38. Rb7+ Ke6 39. f4 Bd4 40.
Kf3 g6 41. g4 Kf6 42. e4 h6 43. e5+ Bc5 44. Ke4+ 1-0

[Event "XXV OOM - Mistrzostwa Polski Juniorow Mlodszych - Chlopcy do lat 14"]
[Site "Sielpia"]
[Date "1899-12-30"]
[Round "5.11"]
[White "Backiel, Hubert"]
[Black "Babiarz, Arkadiusz"]
[Result "0-1"]
[WhiteTitle "I"]
[BlackTitle "I++"]
[WhiteElo "1704"]
[BlackElo "1839"]

1. c4 c5 2. Nc3 e6 3. e4 Nc6 4. g3 g6 5. Bg2 Bg7 6. f4 Nge7 7. Nge2 O-O 8. O-O
a6 9. d3 Rb8 10. a4 Qc7 11. e5 f6 12. exf6 Bxf6 13. Ne4 Bg7 14. Be3 b6 15. d4
Nf5 16. Bf2 Nfxd4 17. Nxd4 Nxd4 18. b4 d6 19. Rb1 Bb7 20. a5 bxa5 21. bxc5 dxc5
22. Rxb7 Rxb7 23. Nxc5 Qxc5 24. Bxb7 Qxc4 25. Kh1 Rb8 26. Be4 a4 27. Bxd4 Bxd4
28. Qd3 Qxd3 29. Bxd3 a3 30. Bc4 Rb6 31. Rd1 Bf6 32. Rd3 Rb1+ 33. Kg2 a2 34. Bxe6+
Kf8 35. Bxa2 Rb2+ 36. Kh3 Rxa2 37. Rd7 Be7 38. Ra7 a5 39. Kg4 a4 40. h4 h5+ 41.
Kf3 Kf7 42. Ra6 a3 43. f5 gxf5 44. Rh6 Ra1 45. Rxh5 a2 46. Rxf5+ Kg6 47. Ra5 Rf1+
48. Kg4 a1=Q 49. h5+ Kf7 50. Rxa1 Rxa1 51. Kf5 Ra5+ 52. Kg4 Rg5+ 53. Kh4 Rg8+
54. Kh3 Kf6 55. g4 Kg5 56. Kg3 Bd6+ 57. Kf3 Re8 58. Ke4 0-1

[Event "XXV OOM - Mistrzostwa Polski Juniorow Mlodszych - Chlopcy do lat 14"]
[Site "Sielpia"]
[Date "1899-12-30"]
[Round "5.12"]
[White "Dziendziel, Mateusz"]
[Black "Szydlo, Michal"]
[Result "1-0"]
[WhiteTitle "II+"]
[BlackTitle "I"]
[WhiteElo "1684"]
[BlackElo "1830"]

1. e4 c5 2. Nf3 d6 3. d4 cxd4 4. Nxd4 Nf6 5. Nc3 a6 6. Bg5 e6 7. f4 Qc7 8. Qf3
b5 9. O-O-O b4 10. Nd5 exd5 11. Bxf6 gxf6 12. exd5 Ra7 13. Re1+ Kd8 14. Qe2 Be7
15. Qh5 Qc5 16. Nb3 Qf2 17. Bd3 Qxf4+ 18. Kb1 Qg5 19. Qf3 h5 20. Qf2 Rc7 21. Qb6
Nd7 22. Qa5 Ne5 23. Nd4 Bd7 24. Bxa6 Rg8 25. g3 Bf5 26. Bb5 Qd2 27. Nxf5 Qxc2+
28. Ka1 Nf3 29. Rc1 b3 30. Rxc2 bxc2 31. Nxe7 Rg4 32. Nc6+ 1-0

[Event "XXV OOM - Mistrzostwa Polski Juniorow Mlodszych - Chlopcy do lat 14"]
[Site "Sielpia"]
[Date "1899-12-30"]
[Round "5.13"]
[White "Wilk, Igor"]
[Black "Kolodziejski, Piotr"]
[Result "1-0"]
[WhiteTitle "I"]
[BlackTitle "I"]
[WhiteElo "1669"]
[BlackElo "1797"]

1. e4 c5 2. Nf3 e6 3. d4 cxd4 4. Nxd4 Nc6 5. Nc3 Qc7 6. f4 d6 7. Be3 a6 8. Qf3
g6 9. O-O-O Bg7 10. g4 Nge7 11. h4 Bd7 12. Bh3 O-O-O 13. f5 Nxd4 14. Bxd4 Bxd4
15. Rxd4 Nc6 16. Rdd1 b5 17. Qd3 Be8 18. fxe6 fxe6 19. g5 Bf7 20. Nd5 Qa7 21.
Qc3 Kb8 22. Qxc6 exd5 23. exd5 Be8 24. Qc3 Bd7 25. Rde1 Bxh3 26. Rxh3 Rhe8 27.
Rhe3 Qf7 28. Qc6 Rxe3 29. Qb6+ Kc8 30. Qxa6+ Qb7 31. Qxb7+ Kxb7 32. Rxe3 Rd7 33.
Kd2 Rf7 34. Kd3 Kb6 35. b4 Rf4 36. Re4 Rf3+ 37. Ke2 Rh3 38. Kd2 Rh2+ 39. Kc3 Rh3+
40. Kb2 Rf3 41. a3 Rh3 42. Re6 Rxh4 43. Rxd6+ Kc7 44. Rc6+ Kb7 45. Re6 Rd4 46.
Re5 Kc7 47. Kc3 Rc4+ 48. Kd3 Kd6 49. Re8 Kxd5 50. Rd8+ Ke5 51. Rb8 Rd4+ 52. Ke3
Rd5 53. Rb7 Kf5 54. Rxh7 Kxg5 55. Rc7 Kf5 56. c4 bxc4 57. Rxc4 Rd1 58. a4 Ke5
59. Rc5+ Kd6 60. Rg5 Ra1 61. Rxg6+ Kd5 62. a5 Kc4 63. Rb6 Ra2 64. a6 Ra1 65. b5
Kc5 66. Rb7 Re1+ 67. Kd2 Re8 68. a7 Ra8 69. b6 Kc6 70. Rb8 Kd5 1-0

[Event "XXV OOM - Mistrzostwa Polski Juniorow Mlodszych - Chlopcy do lat 14"]
[Site "Sielpia"]
[Date "1899-12-30"]
[Round "5.14"]
[White "Budzisz, Adrian"]
[Black "Kaliszuk, Kamil"]
[Result "0-1"]
[WhiteTitle "I"]
[BlackTitle "I"]
[WhiteElo "1788"]
[BlackElo "1674"]

1. d4 Nf6 2. Nf3 g6 3. c3 Bg7 4. Bf4 O-O 5. e3 d6 6. h3 b6 7. Be2 Bb7 8. a4 c5
9. a5 Nbd7 10. Nbd2 Re8 11. Bh2 Ne4 12. O-O Nxd2 13. Qxd2 e5 14. dxe5 Nxe5 15.
Nxe5 dxe5 16. Qc2 Qg5 17. Bg3 h5 18. h4 Qe7 19. Qb3 Qc7 20. Bc4 Rf8 21. f3 Bc6
22. axb6 axb6 23. Bb5 Rfd8 24. e4 Qd7 25. Rxa8 Rxa8 26. Rd1 Qe8 27. Bxc6 Qxc6
28. Qd5 Qxd5 29. exd5 Kf8 30. Kf2 Ke7 31. Ke3 f5 32. Kd3 Kd6 33. Kc4 Ra5 34. Kb3
Rb5+ 35. Kc2 c4 36. Bf2 Bf6 37. Ra1 Ra5 38. Rxa5 bxa5 39. b3 cxb3+ 40. Kxb3 Kxd5
41. Bb6 a4+ 42. Kb4 Be7+ 43. Kxa4 Kc4 44. Bf2 e4 45. Bg3 Bf6 46. Ka5 Bxc3+ 47.
Kb6 Kd5 48. Bf4 Bd4+ 49. Kb5 Bf2 50. fxe4+ fxe4 51. Kb4 e3 52. Kc3 e2 53. Bd2
e1=Q 54. Bxe1 Bxe1+ 55. Kd3 Bxh4 56. Ke3 Ke5 57. Kf3 g5 58. g4 hxg4+ 59. Kxg4
Ke4 60. Kh3 Kf3 61. Kh2 g4 62. Kg1 g3 63. Kh1 g2+ 0-1